00502 a2200157 4500010001400000020002300014035001300037037001600050082001000066100002300076245009900099260004400198270005500242300002700297500002000324 aENG-89752 a8120334793c150.00 aEN-73285 bDBAD / PUB14a658.41 aCrittendon, Robert1 aThe new manager's starter kit:cby Robert Crittendonbessential tools for doing the job right/ aNew DelhibPrentice-Hall of Indiac2008 aM-97, Connaught Circus,bNew DelhicDelhie110001 ax, 182p.c22 cm (pbk) aIncludes index.